| 000 | 00496nam a2200181 i 4500 | ||
|---|---|---|---|
| 001 | C2-0276235 | ||
| 003 | PPAK | ||
| 005 | 20180729000434.0 | ||
| 008 | 061121s2006 xx |||| ||||| | eng d | ||
| 040 |
_aPPAK _beng _cPPAK _erda |
||
| 245 | 0 | 0 | _aPingu's moon adventure |
| 264 | 1 |
_a[place of publication not identified] : _bThe Pygos Group , _c2006 |
|
| 336 |
_2rdacontent _atext |
||
| 337 |
_2rdamedia _aunmediated |
||
| 338 |
_2rdacarrier _avolume |
||
| 500 | _aVCD 0983/06 | ||
| 942 |
_2ddc _cVCD |
||
| 999 |
_c165227 _d165227 |
||